| 000 | 01100nam a22002535a 4500 | ||
|---|---|---|---|
| 003 | OSt | ||
| 005 | 20170408111025.0 | ||
| 008 | 160922s2015 ua frb 000 0 ara d | ||
| 015 | _a2014 / 23907 | ||
| 020 | _a9789770476857 | ||
| 040 |
_aEG-ScBUE _bara _cEG-ScBUE |
||
| 082 | 0 | 4 |
_a341.73 _bأ ب و _222 |
| 100 | 1 | _aأبو رية، إيناس مصطفى محمود. | |
| 245 | 1 | 2 |
_aالمسؤولية الدولية عن زراعة الألغام في ضوء أحكام القانون الدولي الإنساني / _cإيناس مصطفى محمود أبو رية. |
| 246 | 3 | 4 | _aالمسئولية الدولية عن زراعة الألغام في ضوء أحكام القانون الدولي والإنساني |
| 260 |
_aالقاهرة : _bدار النهضة العربية، _c2015. |
||
| 300 |
_a605 ص. ؛ _c24 سم. |
||
| 504 | _aيشتمل على إرجاعات ببليوجرافية. | ||
| 650 | 7 |
_aالألغام (قانون دولي) _2BUEsh |
|
| 650 | 7 |
_aالقانون الدولي الإنساني. _2BUEsh |
|
| 651 | _2BUEsh | ||
| 653 |
_bLLAAWW _cApril2017 |
||
| 942 | _2ddc | ||
| 999 |
_c24584 _d24556 |
||